Asian Geography by Letter - D - Statistics

General Stats
  • This quiz has been taken 51,769 times
    45,043 since last reset
  • The average score is 12 of 21
Answer Stats
Hint Answer % Correct
Site of the world's tallest building Dubai
96%
Capital of Syria Damascus
95%
Salty inland sea that borders Jordan {Dead} Sea
94%
India's most populous metro area Delhi
93%
Mythical animal often used to represent China Dragon
91%
Gobi or Negev, for example Desert
86%
Capital of Bangladesh Dhaka
82%
Capital of Qatar Doha
82%
Capital of East Timor Dili
64%
Jerusalem landmark {Dome} of the Rock
59%
Hindu festival of lights Diwali
58%
Capital of Tajikistan Dushanbe
54%
Currency of Vietnam Dong
50%
Chinese religion started by Laozi Daoism
48%
City in northeast India which is the namesake of a famous tea Darjeeling
43%
Biggest city on the island of Bali Denpasar
36%
Biggest city in central Vietnam Da Nang
29%
Largest city on Mindanao, Philippines Davao
20%
Term for the "untouchable" castes of India Dalit
19%
Major sea port on China's Liaoning peninsula Dalian
18%
Parliament of Japan Diet
18%
No matching quizzes found
Score Distribution
Percent of People with Each Score
Percentile by Number Answered
Your Score History
You have not taken this quiz since the last reset